|
|
|
|
| LEADER |
00000nta a2200000 i 4500 |
| 001 |
dolg11213 |
| 005 |
20170628144153.0 |
| 008 |
170518suuuu hu om 000 eng d |
| 040 |
|
|
|a BGE Dolgozattár Repozitórium
|b hun
|
| 041 |
|
|
|a en
|
| 100 |
1 |
|
|a Sharvashidze Gocha
|
| 245 |
1 |
0 |
|a Destination Management Organisation development perspectives in Upper Svaneti region
|c Sharvashidze Gocha
|h [elektronikus dokumentum]
|
| 695 |
|
|
|a Destination management
|
| 695 |
|
|
|a Svaneti region
|
| 700 |
1 |
|
|a Karsai Dr Árpád
|e ths
|
| 856 |
4 |
0 |
|u http://dolgozattar.uni-bge.hu/11213/1/Thesis%20Gocha%20Sharvashidze.pdf
|z Dokumentum-elérés
|